000 00265nam a2200097Ia 4500
008 231107s1994 xx 000 0 und d
041 _aeng
100 _aLandon R.P.
245 _aPractical Surveying for Technicians
260 _aNew York
_bDelmar Publishers Inc.
_c1994
999 _c928231
_d928231